LEADER 01390nam a2200313 i 4500 001 000000129584 003 CaOOAMICUS 005 20070705000000.0 008 070705s1985 it u000 u ita u 013 $a102317 020 $a88-85678-08-4 040 $aSeMil$bita 100 1 $aMuraro, Luisa,$d<1940- >.$0(OLS)http://semarc/name/35955 245 10$aGuglielma e Maifreda :$bstoria di un'eresia femminista /$cLuisa Muraro. 260 $aMilano :$bLa Tartaruga,$cCopyr. 1985. 300 $a217 p. :$bill. ;$c20 cm. 490 0 $aLa Tartaruga ;$v1 500 $aContiene : Tavola sincronica ; Cronologia del processo del 1300 ; Bibliografia. - Fondo card. C.M. Martini. 600 04$aGuglielma : di Milano .$0(OLS)http://semarc/subject/25612 650 4$aGuglielmiti.$0(OLS)http://semarc/subject/25610 650 4$aEresie - Medioevo.$0(OLS)http://semarc/subject/25611 830 3$aLa tartaruga ;$v1.$0(OLS)http://semarc/title/23881 850 $aSeMil 852 $aSeMil$W1$xVenegono$y1$m3T II 159$j83698$B83698$CSeMilBibl$Z2$F125687 $81 941 1 $a4 961 $aOmaggio: Martini Card. Carlo Maria 996 $6020$a88-85678-08-4$9(OLS)http://semarc/number/116372 996 $6245$aGuglielma e Maifreda :$bstoria di un'eresia femminista$9(OLS)http://semarc/title/191207 996 $6260$aMilano :$bLa Tartaruga$9(OLS)http://semarc/publisher/34786 LEADER 01402nam a2200313 i 4500 001 000000074729 003 CaOOAMICUS 005 20110202000000.0 008 110202s2009 it u000 u ita u 013 $a45901 020 $a978-88-315-3584-9 040 $aSeMil$bita 100 1 $aBassi, Gianni,$d<1949-2018>.$0(OLS)http://semarc/name/36998 245 12$aL'intimità nel rapporto di coppia :$bcome trovare l'armonia /$cGianni Bassi, Rossana Zamburlin. 260 $aMilano :$bPaoline,$c2009. 300 $a218 p. ;$c20 cm. 490 0 $aPsicologia e personalità ;$v88 500 $aCon dedica autografa degli autori. - Dono del card. Dionigi Tettamanzi. 650 4$aRelazioni di coppia - Psicologia.$0(OLS)http://semarc/subject/57065 650 4$aRelazioni di coppia - Sentimenti.$0(OLS)http://semarc/subject/15265 700 1 $aZamburlin, Rossana.$0(OLS)http://semarc/name/36999 830 0$aPsicologia e personalità ;$v88.$0(OLS)http://semarc/title/9962 850 $aSeMil 852 $aSeMil$W1$xVenegono$y1$m3F II 509$j40881$B40881$CSeMilBibl$Z2$F40885 $81 941 1 $a5 961 $aOmaggio: Tettamanzi Card. Dionigi 996 $6020$a978-88-315-3584-9$9(OLS)http://semarc/number/55019 996 $6245$aL'intimità nel rapporto di coppia :$bcome trovare l'armonia$9(OLS)http://semarc/title/121180 996 $6260$aMilano :$bPaoline$9(OLS)http://semarc/publisher/29684